A study into the capacity of registered social landlords and local authorities to build housing across Scotland (Record no. 111419)

MARC details
000 -LEADER
fixed length control field 01230cad a22002655a 4500
001 - CONTROL NUMBER
control field E151522
008 - FIXED-LENGTH DATA ELEMENTS--GENERAL INFORMATION
fixed length control field 101115s2010 xxk f 000 0 eng d
020 ## - INTERNATIONAL STANDARD BOOK NUMBER
International Standard Book Number 9780755997855
022 1# - INTERNATIONAL STANDARD SERIAL NUMBER
International Standard Serial Number 0950-2254
035 ## - SYSTEM CONTROL NUMBER
System control number (Sirsi) u151522
041 0# - LANGUAGE CODE
Language code of text/sound track or separate title eng
100 1# - MAIN ENTRY--PERSONAL NAME
Personal name Bramley, Glen
245 02 - TITLE STATEMENT
Title A study into the capacity of registered social landlords and local authorities to build housing across Scotland
Medium [electronic resource]
260 ## - PUBLICATION, DISTRIBUTION, ETC.
Place of publication, distribution, etc. Edinburgh
Name of publisher, distributor, etc. Scottish Government Social Research
Date of publication, distribution, etc. 2010
520 ## - SUMMARY, ETC.
Summary, etc. Presents the results of research into the financial capacity of local authorities and Registered Social Landlords (RSLs) to provide new affordable homes. Also looks at good practice in collaboration between RSLs and local authorities, and discusses funding options for new affordable housing in the light of the research.
590 ## - LOCAL NOTE (RLIN)
Local note KA
651 #4 - SUBJECT ADDED ENTRY--GEOGRAPHIC NAME
Geographic name Scotland
Chronological subdivision 1999-
690 ## - LOCAL SUBJECT ADDED ENTRY--TOPICAL TERM (OCLC, RLIN)
Topical term or geographic name as entry element PROPERTY-RESIDENTIAL PROPERTY-DOMESTIC RESIDENTIAL PROPERTY-HOUSING
700 1# - ADDED ENTRY--PERSONAL NAME
Personal name Pawson, Hal
700 1# - ADDED ENTRY--PERSONAL NAME
Personal name Morgan, James
700 1# - ADDED ENTRY--PERSONAL NAME
Personal name Wilcox, Steve
700 1# - ADDED ENTRY--PERSONAL NAME
Personal name Williams, Peter
856 40 - ELECTRONIC LOCATION AND ACCESS
Uniform Resource Identifier <a href="https://www.scotland.gov.uk/Publications/2010/11/11115938/0">https://www.scotland.gov.uk/Publications/2010/11/11115938/0</a>
Public note View the report free of charge at www.scotland.gov.uk
942 ## - ADDED ENTRY ELEMENTS (KOHA)
Suppress in OPAC 0
Holdings
Withdrawn status Lost status Source of classification or shelving scheme Damaged status Not for loan Home library Current library Shelving location Date acquired Total Checkouts Full call number Barcode Date last seen Copy number Price effective from Koha item type
    Dewey Decimal Classification     Virtual Virtual Online 15/11/2010   ONLINE PUBLICATION 151522-2001 06/08/2019 1 06/08/2019 Book